Stati per minore tasso di natalità - Europa - Statistics

Statistiche generali
  • Questo quiz è stato fatto 10 volte
  • Il punteggio medio è 7 su 10
Statistiche sulle risposte
Tasso di natalità (nati / 1000 abitanti) Nazione % Corretto
7,52 Grecia
100%
7,00 Italia
100%
8,12 Slovenia
89%
7,12 Spagna
89%
7,99 Portogallo
78%
7,97 Bulgaria
67%
8,31 Bosnia ed Erzegovina
56%
6,61 Monaco
56%
8,31 Polonia
56%
6,87 Andorra
44%
Nessun quiz corrispondente trovato
Distribuzione punteggi
Percentuale di utenti per punteggio
Percentile per numero di risposta
I tuoi punteggi nel tempo
Non hai fatto questo quiz